[Event "Ch_SFO"]
[Site "?"]
[Date "2018.03.18"]
[Round "6.10"]
[White "Boiarintsev, Vitaly"]
[Black "Vlassov, Nikolai"]
[Result "1/2-1/2"]
[BlackElo "2457"]
[WhiteElo "2342"]
[LiveChessVersion "1.4.8"]

1. e4 {[%clk 1:30:59]} Nc6 {[%clk 1:30:52]} 2. Nc3 {[%clk 1:31:23]} Nf6
{[%clk 1:31:16]} 3. Nf3 {[%clk 1:31:48]} d5 {[%clk 1:31:40]} 4. exd5
{[%clk 1:32:14]} Nxd5 {[%clk 1:32:07]} 5. Bc4 {[%clk 1:32:31]} Be6
{[%clk 1:30:21]} 6. Ng5 {[%clk 1:16:59]} Nxc3 {[%clk 1:25:14]} 7. Nxe6
{[%clk 1:17:21]} Nxd1 {[%clk 1:25:37]} 8. Nxd8 {[%clk 1:17:48]} Rxd8
{[%clk 1:25:56]} 9. Kxd1 {[%clk 1:18:13]} e6 {[%clk 1:25:59]} 10. Bb5
{[%clk 1:18:04]} Kd7 {[%clk 1:20:22]} 11. c3 {[%clk 1:18:04]} a6 {[%clk 1:18:55]}
12. Ba4 {[%clk 1:18:22]} h5 {[%clk 1:15:58]} 13. Ke2 {[%clk 1:17:31]} h4
{[%clk 1:15:37]} 14. h3 {[%clk 1:15:56]} Bd6 {[%clk 1:13:26]} 15. d4
{[%clk 1:13:25]} Rh5 {[%clk 1:12:59]} 16. Re1 {[%clk 1:12:28]} Rg8
{[%clk 1:06:50]} 17. Kf1 {[%clk 1:10:04]} b5 {[%clk 1:04:57]} 18. Bd1
{[%clk 1:09:40]} Rhh8 {[%clk 1:05:25]} 19. Bf3 {[%clk 1:05:40]} Ne7
{[%clk 1:05:29]} 20. a4 {[%clk 0:59:55]} Rb8 {[%clk 1:03:55]} 21. axb5
{[%clk 0:56:50]} axb5 {[%clk 1:03:30]} 22. Ra5 {[%clk 0:54:13]} Nd5
{[%clk 0:58:32]} 23. Bd2 {[%clk 0:48:03]} Bf4 {[%clk 0:56:21]} 24. Ke2
{[%clk 0:44:27]} Bxd2 {[%clk 0:45:50]} 25. Kxd2 {[%clk 0:44:43]} Rb6
{[%clk 0:45:52]} 26. Kc2 {[%clk 0:30:53]} Kd6 {[%clk 0:41:50]} 27. Kb3
{[%clk 0:26:48]} Ne7 {[%clk 0:37:18]} 28. Re5 {[%clk 0:26:25]} c6
{[%clk 0:37:06]} 29. Ra7 {[%clk 0:24:59]} Rbb8 {[%clk 0:35:15]} 30. Rc5
{[%clk 0:23:11]} Ra8 {[%clk 0:33:31]} 31. Rxa8 {[%clk 0:22:28]} Rxa8
{[%clk 0:33:59]} 32. Rxb5 {[%clk 0:21:37]} Ra1 {[%clk 0:34:20]} 33. Rh5
{[%clk 0:17:04]} Rf1 {[%clk 0:34:46]} 34. Rxh4 {[%clk 0:17:12]} Rxf2
{[%clk 0:35:14]} 35. Rh8 {[%clk 0:14:40]} e5 {[%clk 0:27:36]} 36. dxe5+
{[%clk 0:08:34]} Kxe5 {[%clk 0:28:04]} 37. Rh7 {[%clk 0:08:41]} Kf6
{[%clk 0:27:41]} 38. Rh4 {[%clk 0:08:52]} Ke6 {[%clk 0:27:43]} 39. Rd4
{[%clk 0:08:44]} f5 {[%clk 0:27:13]} 40. Ka3 {[%clk 0:07:58]} Rc2
{[%clk 0:27:10]} 41. h4 {[%clk 0:07:21]} g6 {[%clk 0:26:47]} 42. Rd8
{[%clk 0:07:31]} Rc1 {[%clk 0:25:03]} 43. Kb3 {[%clk 0:07:38]} Rh1
{[%clk 0:25:24]} 44. Kc4 {[%clk 0:04:52]} Rxh4+ {[%clk 0:25:45]} 45. Kc5
{[%clk 0:05:17]} Rh2 {[%clk 0:23:50]} 46. b4 {[%clk 0:05:15]} g5 {[%clk 0:24:18]}
47. Rd2 {[%clk 0:01:08]} g4 {[%clk 0:23:50]} 48. Bd1 {[%clk 0:01:21]} Ke5
{[%clk 0:20:30]} 49. Re2+ {[%clk 0:01:16]} Kf6 {[%clk 0:20:58]} 50. Bb3
{[%clk 0:01:33]} Ng6 {[%clk 0:20:43]} 51. Kxc6 {[%clk 0:01:40]} Nf4
{[%clk 0:19:57]} 52. Rf2 {[%clk 0:01:48]} Nd3 {[%clk 0:18:09]} 53. Rd2
{[%clk 0:01:52]} Ne5+ {[%clk 0:18:20]} 54. Kc5 {[%clk 0:02:00]} f4
{[%clk 0:18:22]} 55. b5 {[%clk 0:01:31]} f3 {[%clk 0:14:53]} 56. Rd6+
{[%clk 0:01:44]} Kg5 {[%clk 0:15:12]} 57. gxf3 {[%clk 0:01:52]} g3
{[%clk 0:15:10]} 58. Bd5 {[%clk 0:00:48]} Nd3+ {[%clk 0:11:51]} 59. Kc4
{[%clk 0:00:54]} Nf4 {[%clk 0:11:36]} 60. Rd8 {[%clk 0:00:49]} g2
{[%clk 0:08:46]} 61. Rg8+ {[%clk 0:01:12]} Kf6 {[%clk 0:09:05]} 62. Be4
{[%clk 0:00:57]} Rh1 {[%clk 0:07:57]} 63. b6 {[%clk 0:01:13]} g1=Q
{[%clk 0:08:21]} 64. Rxg1 {[%clk 0:01:26]} Rxg1 {[%clk 0:08:49]} 65. b7
{[%clk 0:01:48]} Rg8 {[%clk 0:09:17]} 66. Kc5 {[%clk 0:01:57]} Ke7
{[%clk 0:09:44]} 67. Bf5 {[%clk 0:00:50]} Rb8 {[%clk 0:09:41]} 68. Kc6
{[%clk 0:00:39]} Kd8 {[%clk 0:10:07]} 69. c4 {[%clk 0:00:48]} Ne2
{[%clk 0:10:20]} 70. Be4 {[%clk 0:00:39]} Nd4+ {[%clk 0:08:55]} 71. Kd6
{[%clk 0:00:34]} Nb3 {[%clk 0:08:56]} 72. c5 {[%clk 0:00:34]} Nxc5
{[%clk 0:09:10]} 73. Kxc5 {[%clk 0:00:59]} Kc7 {[%clk 0:09:37]} 74. Kd4
{[%clk 0:01:01]} Kd6 {[%clk 0:08:34]} 75. f4 {[%clk 0:01:11]} Rf8
{[%clk 0:07:58]} 76. f5 {[%clk 0:01:18]} Rh8 {[%clk 0:07:28]} 77. Bd5
{[%clk 0:01:02]} Rh4+ {[%clk 0:07:11]} 78. Ke3 {[%clk 0:01:01]} Rh8
{[%clk 0:07:14]} 79. Be4 {[%clk 0:00:43]} Ke5 {[%clk 0:07:31]} 80. Bc6
{[%clk 0:00:34]} Rb8 {[%clk 0:07:41]} 81. Be4 {[%clk 0:00:39]} Rxb7
{[%clk 0:08:04]} 1/2-1/2

[Event "Ch_SFO"]
[Site "?"]
[Date "2018.03.18"]
[Round "6.11"]
[White "Maleev, Pavel"]
[Black "Gontcharov, Vladislav"]
[Result "1-0"]
[BlackElo "2448"]
[WhiteElo "2303"]
[LiveChessVersion "1.4.8"]

1. e4 {[%clk 1:30:49]} g6 {[%clk 1:29:36]} 2. d4 {[%clk 1:31:12]} Bg7
{[%clk 1:30:03]} 3. Nc3 {[%clk 1:31:37]} c6 {[%clk 1:29:26]} 4. Nf3
{[%clk 1:31:28]} d5 {[%clk 1:29:47]} 5. h3 {[%clk 1:31:51]} dxe4 {[%clk 1:29:04]}
6. Nxe4 {[%clk 1:32:14]} Bf5 {[%clk 1:28:27]} 7. Bd3 {[%clk 1:29:09]} Bxd4
{[%clk 1:24:24]} 8. Nxd4 {[%clk 1:29:34]} Qxd4 {[%clk 1:24:49]} 9. Be3
{[%clk 1:01:07]} Qd5 {[%clk 1:19:28]} 10. c4 {[%clk 0:53:53]} Qe5
{[%clk 1:16:54]} 11. Qc2 {[%clk 0:31:19]} Bxe4 {[%clk 1:15:08]} 12. Bxe4
{[%clk 0:24:04]} f5 {[%clk 1:13:12]} 13. O-O-O {[%clk 0:24:29]} Qxe4
{[%clk 1:11:29]} 14. Qc3 {[%clk 0:23:38]} Nf6 {[%clk 1:11:52]} 15. Rhe1
{[%clk 0:23:04]} Qxg2 {[%clk 1:01:48]} 16. Bc5 {[%clk 0:14:14]} O-O
{[%clk 0:59:11]} 17. Rxe7 {[%clk 0:14:28]} b6 {[%clk 0:58:52]} 18. Qe3
{[%clk 0:04:09]} Ne4 {[%clk 0:57:04]} 19. Bd4 {[%clk 0:04:12]} Rf7
{[%clk 0:53:39]} 20. Re8+ {[%clk 0:03:50]} Rf8 {[%clk 0:54:04]} 21. Re7
{[%clk 0:03:29]} Rf7 {[%clk 0:54:20]} 22. Re8+ {[%clk 0:03:28]} Rf8
{[%clk 0:54:45]} 23. Rxf8+ {[%clk 0:03:43]} Kxf8 {[%clk 0:55:11]} 24. Qh6+
{[%clk 0:04:07]} Ke8 {[%clk 0:55:13]} 25. Qxh7 {[%clk 0:04:08]} Nd7
{[%clk 0:54:48]} 26. Qh8+ {[%clk 0:03:54]} Nf8 {[%clk 0:54:37]} 27. Qe5+
{[%clk 0:04:14]} Kf7 {[%clk 0:51:51]} 28. Qc7+ {[%clk 0:04:37]} Ke8
{[%clk 0:49:32]} 29. Qxc6+ {[%clk 0:04:56]} Kf7 {[%clk 0:49:54]} 30. Qb7+
{[%clk 0:04:59]} Ke6 {[%clk 0:50:00]} 31. Qxa8 {[%clk 0:05:11]} Qg5+
{[%clk 0:49:55]} 32. Be3 {[%clk 0:05:32]} Qe7 {[%clk 0:50:17]} 33. Rd8
{[%clk 0:05:17]} Kf7 {[%clk 0:50:36]} 34. Qd5+ {[%clk 0:04:20]} Kg7
{[%clk 0:50:42]} 35. Bd4+ {[%clk 0:03:49]} Kh6 {[%clk 0:50:29]} 36. Rb8
{[%clk 0:02:55]} Ne6 {[%clk 0:44:42]} 37. Be3+ {[%clk 0:03:03]} g5
{[%clk 0:44:36]} 38. Qxf5 {[%clk 0:03:08]} Nf6 {[%clk 0:44:07]} 39. h4
{[%clk 0:03:01]} Kg7 {[%clk 0:44:36]} 40. hxg5 {[%clk 0:03:17]} 1-0

[Event "Ch_SFO"]
[Site "?"]
[Date "2018.03.18"]
[Round "6.12"]
[White "Lavrov, Sergey V"]
[Black "Kuznetsov, Andrei S"]
[Result "1-0"]
[BlackElo "2259"]
[WhiteElo "2404"]
[LiveChessVersion "1.4.8"]

1. d4 {[%clk 1:30:53]} d5 {[%clk 1:30:50]} 2. c4 {[%clk 1:31:15]} c6
{[%clk 1:30:49]} 3. Nc3 {[%clk 1:31:03]} Nf6 {[%clk 1:31:09]} 4. e3
{[%clk 1:31:25]} g6 {[%clk 1:29:28]} 5. Nf3 {[%clk 1:31:48]} Bg7 {[%clk 1:29:52]}
6. Be2 {[%clk 1:32:13]} O-O {[%clk 1:29:50]} 7. O-O {[%clk 1:32:40]} Ne4
{[%clk 1:11:47]} 8. Qb3 {[%clk 1:20:49]} e6 {[%clk 1:07:08]} 9. a4
{[%clk 1:18:49]} Nd7 {[%clk 1:01:29]} 10. a5 {[%clk 1:15:27]} f5 {[%clk 0:59:13]}
11. Ne1 {[%clk 1:12:37]} Rb8 {[%clk 0:55:15]} 12. Nd3 {[%clk 1:08:29]} Nd6
{[%clk 0:51:37]} 13. Nf4 {[%clk 0:53:31]} Nf6 {[%clk 0:48:34]} 14. h4
{[%clk 0:49:26]} Nfe4 {[%clk 0:45:01]} 15. g3 {[%clk 0:49:25]} Qe8
{[%clk 0:40:30]} 16. Kg2 {[%clk 0:44:40]} Rf7 {[%clk 0:38:14]} 17. c5
{[%clk 0:42:00]} Nxc3 {[%clk 0:38:09]} 18. bxc3 {[%clk 0:42:25]} Ne4
{[%clk 0:38:20]} 19. f3 {[%clk 0:42:21]} Nf6 {[%clk 0:36:45]} 20. Nd3
{[%clk 0:42:25]} Nd7 {[%clk 0:36:21]} 21. e4 {[%clk 0:34:50]} fxe4
{[%clk 0:30:55]} 22. fxe4 {[%clk 0:35:03]} dxe4 {[%clk 0:31:03]} 23. Nf2
{[%clk 0:31:39]} Nf6 {[%clk 0:25:38]} 24. Bf4 {[%clk 0:30:27]} Ra8
{[%clk 0:25:49]} 25. Bg5 {[%clk 0:30:35]} e3 {[%clk 0:23:38]} 26. Nd3
{[%clk 0:25:49]} Nd5 {[%clk 0:23:37]} 27. Rxf7 {[%clk 0:21:49]} Qxf7
{[%clk 0:23:43]} 28. Rf1 {[%clk 0:21:56]} Qe8 {[%clk 0:19:27]} 29. c4
{[%clk 0:18:39]} h6 {[%clk 0:19:24]} 30. cxd5 {[%clk 0:16:39]} hxg5
{[%clk 0:07:19]} 31. d6 {[%clk 0:15:51]} Bxd4 {[%clk 0:07:46]} 32. Qc4
{[%clk 0:12:51]} Bg7 {[%clk 0:07:01]} 33. hxg5 {[%clk 0:13:01]} b5
{[%clk 0:06:10]} 34. Qe4 {[%clk 0:08:24]} e5 {[%clk 0:05:58]} 35. Nb4
{[%clk 0:07:01]} Qe6 {[%clk 0:04:30]} 36. g4 {[%clk 0:05:51]} Bd7
{[%clk 0:03:14]} 37. Nxc6 {[%clk 0:02:21]} Bxc6 {[%clk 0:03:29]} 38. Qxc6
{[%clk 0:02:47]} Rc8 {[%clk 0:03:49]} 39. Qe4 {[%clk 0:01:52]} Rxc5
{[%clk 0:03:35]} 40. Bxb5 {[%clk 0:01:47]} e2 {[%clk 0:01:11]} 41. Bxe2
{[%clk 0:02:13]} Bh8 {[%clk 0:00:43]} 42. d7 {[%clk 0:01:55]} Qxd7
{[%clk 0:00:49]} 43. Bc4+ {[%clk 0:01:59]} Rxc4 {[%clk 0:00:52]} 44. Qxc4+
{[%clk 0:02:23]} Kg7 {[%clk 0:01:18]} 45. Rf2 {[%clk 0:01:35]} e4
{[%clk 0:01:06]} 46. Qxe4 {[%clk 0:01:51]} Kh7 {[%clk 0:01:21]} 47. a6
{[%clk 0:02:01]} Bg7 {[%clk 0:01:42]} 48. Qf3 {[%clk 0:01:52]} Qb5
{[%clk 0:01:15]} 49. Kh1 {[%clk 0:00:55]} Qxg5 {[%clk 0:01:14]} 50. Rc2
{[%clk 0:00:40]} Be5 {[%clk 0:00:43]} 51. Qf7+ {[%clk 0:00:55]} Kh6
{[%clk 0:00:50]} 52. Qf8+ {[%clk 0:00:58]} Kh7 {[%clk 0:01:16]} 53. Qf7+
{[%clk 0:00:47]} Kh6 {[%clk 0:01:39]} 54. Qf8+ {[%clk 0:00:39]} Kh7
{[%clk 0:02:06]} 55. Qf3 {[%clk 0:00:39]} Qh4+ {[%clk 0:01:40]} 56. Kg1
{[%clk 0:01:02]} Qe1+ {[%clk 0:00:32]} 57. Kg2 {[%clk 0:01:16]} Kg7
{[%clk 0:00:36]} 58. Re2 {[%clk 0:01:10]} Qa5 {[%clk 0:00:40]} 59. Qd3
{[%clk 0:00:46]} Qc7 {[%clk 0:00:35]} 60. Qd5 {[%clk 0:00:58]} Bd6
{[%clk 0:00:39]} 61. Qb7 {[%clk 0:01:14]} Kh6 {[%clk 0:01:05]} 62. Qxc7
{[%clk 0:01:25]} Bxc7 {[%clk 0:01:34]} 63. Re7 {[%clk 0:01:37]} Bb6
{[%clk 0:01:54]} 64. Rb7 {[%clk 0:01:59]} Bd4 {[%clk 0:02:17]} 65. Kf3
{[%clk 0:02:24]} Kg5 {[%clk 0:02:32]} 66. Rb5+ {[%clk 0:02:23]} Kh4
{[%clk 0:02:46]} 67. Rd5 {[%clk 0:01:53]} Bb6 {[%clk 0:02:57]} 68. Rd6
{[%clk 0:02:08]} 1-0

[Event "Ch_SFO"]
[Site "?"]
[Date "2018.03.18"]
[Round "6.13"]
[White "Kolmagorov, Alexey"]
[Black "Beletsky, Alexey"]
[Result "1/2-1/2"]
[BlackElo "2370"]
[WhiteElo "2175"]
[LiveChessVersion "1.4.8"]

1. d4 {[%clk 1:30:58]} Nf6 {[%clk 1:30:52]} 2. c4 {[%clk 1:31:21]} g6
{[%clk 1:31:15]} 3. Nc3 {[%clk 1:31:48]} Bg7 {[%clk 1:31:25]} 4. e4
{[%clk 1:32:14]} d6 {[%clk 1:31:50]} 5. Nf3 {[%clk 1:32:39]} O-O {[%clk 1:32:10]}
6. Be2 {[%clk 1:33:05]} Nbd7 {[%clk 1:31:41]} 7. O-O {[%clk 1:33:26]} e5
{[%clk 1:32:07]} 8. Re1 {[%clk 1:33:49]} Re8 {[%clk 1:32:22]} 9. Bf1
{[%clk 1:34:11]} c6 {[%clk 1:32:44]} 10. Rb1 {[%clk 1:28:04]} a6 {[%clk 1:31:34]}
11. dxe5 {[%clk 1:24:40]} dxe5 {[%clk 1:31:33]} 12. h3 {[%clk 1:19:07]} Qe7
{[%clk 1:29:02]} 13. Be3 {[%clk 1:18:04]} Nc5 {[%clk 1:28:19]} 14. Qc2
{[%clk 1:17:06]} a5 {[%clk 1:26:39]} 15. a3 {[%clk 1:15:57]} h6 {[%clk 0:57:06]}
16. b4 {[%clk 1:12:34]} axb4 {[%clk 0:57:30]} 17. axb4 {[%clk 1:12:58]} Ncxe4
{[%clk 0:56:34]} 18. Nxe4 {[%clk 1:08:04]} Nxe4 {[%clk 0:56:59]} 19. Qxe4
{[%clk 1:08:31]} Bf5 {[%clk 0:57:22]} 20. Qh4 {[%clk 1:08:43]} Qxh4
{[%clk 0:57:32]} 21. Nxh4 {[%clk 1:09:09]} Bxb1 {[%clk 0:57:55]} 22. Rxb1
{[%clk 1:09:35]} e4 {[%clk 0:57:39]} 23. g3 {[%clk 1:07:40]} Kh7 {[%clk 0:55:21]}
24. Bb6 {[%clk 1:03:32]} Ra1 {[%clk 0:54:10]} 25. Rxa1 {[%clk 1:03:43]} Bxa1
{[%clk 0:54:38]} 26. Ng2 {[%clk 1:01:46]} f5 {[%clk 0:53:48]} 27. Ne3
{[%clk 1:01:25]} Kg7 {[%clk 0:53:14]} 28. Nc2 {[%clk 0:59:53]} Bc3
{[%clk 0:53:17]} 29. b5 {[%clk 0:56:38]} cxb5 {[%clk 0:46:10]} 30. cxb5
{[%clk 0:57:03]} g5 {[%clk 0:39:37]} 31. Bc7 {[%clk 0:53:14]} Be5
{[%clk 0:19:47]} 32. b6 {[%clk 0:52:41]} f4 {[%clk 0:19:56]} 33. Be2
{[%clk 0:34:27]} Re7 {[%clk 0:19:03]} 34. Nb4 {[%clk 0:32:03]} Bxc7
{[%clk 0:18:41]} 35. Nd5 {[%clk 0:29:20]} Bd6 {[%clk 0:18:38]} 36. Nxe7
{[%clk 0:29:47]} Bxe7 {[%clk 0:19:04]} 37. gxf4 {[%clk 0:30:04]} gxf4
{[%clk 0:18:37]} 38. Bc4 {[%clk 0:30:26]} Bc5 {[%clk 0:17:05]} 39. Bd5
{[%clk 0:30:38]} e3 {[%clk 0:17:01]} 40. fxe3 {[%clk 0:31:05]} fxe3
{[%clk 0:16:50]} 41. Kf1 {[%clk 0:31:29]} 1/2-1/2

[Event "Ch_SFO"]
[Site "?"]
[Date "2018.03.18"]
[Round "6.14"]
[White "Nevostrujev, Vladimir"]
[Black "Boichuk, Alexei"]
[Result "1/2-1/2"]
[BlackElo "2125"]
[WhiteElo "2419"]
[LiveChessVersion "1.4.8"]

1. e4 {[%clk 1:30:57]} e5 {[%clk 1:30:51]} 2. Nf3 {[%clk 1:31:21]} Nc6
{[%clk 1:31:12]} 3. Bb5 {[%clk 1:31:35]} a6 {[%clk 1:31:35]} 4. Ba4
{[%clk 1:31:50]} Nf6 {[%clk 1:31:57]} 5. O-O {[%clk 1:30:59]} Be7
{[%clk 1:32:17]} 6. Re1 {[%clk 1:28:55]} b5 {[%clk 1:32:34]} 7. Bb3
{[%clk 1:29:24]} d6 {[%clk 1:32:57]} 8. c3 {[%clk 1:28:31]} O-O {[%clk 1:33:12]}
9. d3 {[%clk 1:27:56]} Na5 {[%clk 1:31:59]} 10. Bc2 {[%clk 1:28:22]} c5
{[%clk 1:32:23]} 11. Nbd2 {[%clk 1:27:03]} Qc7 {[%clk 1:31:57]} 12. Nf1
{[%clk 1:26:52]} Bd7 {[%clk 1:29:01]} 13. Ne3 {[%clk 1:25:56]} g6
{[%clk 1:29:15]} 14. Bd2 {[%clk 1:22:22]} Nc6 {[%clk 1:27:57]} 15. a3
{[%clk 1:20:44]} a5 {[%clk 1:17:50]} 16. a4 {[%clk 1:11:16]} b4 {[%clk 1:16:48]}
17. Bb3 {[%clk 1:11:00]} Rfb8 {[%clk 1:10:17]} 18. Bc4 {[%clk 1:06:16]} bxc3
{[%clk 1:05:32]} 19. bxc3 {[%clk 1:06:37]} Nd8 {[%clk 1:05:29]} 20. Qc2
{[%clk 0:59:18]} Ra7 {[%clk 1:05:24]} 21. Bc1 {[%clk 0:47:47]} Bc6
{[%clk 0:56:09]} 22. Nd2 {[%clk 0:44:37]} Bf8 {[%clk 0:55:28]} 23. Nd5
{[%clk 0:30:15]} Nxd5 {[%clk 0:55:04]} 24. exd5 {[%clk 0:30:44]} Bd7
{[%clk 0:53:48]} 25. f4 {[%clk 0:30:36]} Kh8 {[%clk 0:42:07]} 26. fxe5
{[%clk 0:22:30]} dxe5 {[%clk 0:42:31]} 27. Ne4 {[%clk 0:22:51]} f5
{[%clk 0:42:26]} 28. Ng5 {[%clk 0:16:27]} h6 {[%clk 0:38:27]} 29. Nf3
{[%clk 0:12:30]} Bg7 {[%clk 0:37:38]} 30. Qf2 {[%clk 0:05:20]} Nf7
{[%clk 0:22:09]} 31. Qh4 {[%clk 0:04:57]} Qd6 {[%clk 0:20:04]} 32. Ng5
{[%clk 0:04:30]} Nxg5 {[%clk 0:19:18]} 33. Bxg5 {[%clk 0:04:59]} Kh7
{[%clk 0:18:58]} 34. Be7 {[%clk 0:05:06]} Qb6 {[%clk 0:17:08]} 35. Qf2
{[%clk 0:05:35]} Rc7 {[%clk 0:16:26]} 36. d6 {[%clk 0:05:32]} Rcb7
{[%clk 0:13:45]} 37. h3 {[%clk 0:03:10]} Bc6 {[%clk 0:13:47]} 38. Qa2
{[%clk 0:02:49]} e4 {[%clk 0:11:46]} 39. dxe4 {[%clk 0:02:59]} Bxe4
{[%clk 0:12:04]} 40. Bb5 {[%clk 0:02:07]} c4+ {[%clk 0:09:29]} 41. Kh1
{[%clk 0:02:36]} Qc5 {[%clk 0:08:54]} 42. Qd2 {[%clk 0:01:33]} Rxe7
{[%clk 0:08:13]} 43. dxe7 {[%clk 0:02:00]} Qxe7 {[%clk 0:08:35]} 44. Rad1
{[%clk 0:02:01]} Qh4 {[%clk 0:06:50]} 45. Re3 {[%clk 0:01:24]} h5
{[%clk 0:05:14]} 46. Qe1 {[%clk 0:01:53]} Qxe1+ {[%clk 0:04:41]} 47. Rexe1
{[%clk 0:01:18]} Bxc3 {[%clk 0:04:47]} 48. Rd7+ {[%clk 0:01:41]} Kh6
{[%clk 0:05:00]} 49. Rc1 {[%clk 0:02:10]} Be5 {[%clk 0:03:26]} 50. Rxc4
{[%clk 0:02:39]} Kg5 {[%clk 0:03:19]} 51. Rd1 {[%clk 0:02:32]} Bg3
{[%clk 0:03:23]} 52. Kg1 {[%clk 0:02:09]} h4 {[%clk 0:03:40]} 53. Rcc1
{[%clk 0:01:35]} Bf4 {[%clk 0:02:19]} 54. Rc3 {[%clk 0:01:39]} Rb6
{[%clk 0:02:23]} 55. Kf1 {[%clk 0:01:51]} Bg3 {[%clk 0:02:21]} 56. Bd3
{[%clk 0:00:57]} Bc6 {[%clk 0:02:07]} 57. Rb1 {[%clk 0:00:43]} Rxb1+
{[%clk 0:02:08]} 58. Bxb1 {[%clk 0:01:12]} Bxa4 {[%clk 0:02:31]} 59. Rc5
{[%clk 0:01:35]} Bb3 60. Rxa5 Bc4+ {[%clk 0:01:20]} 61. Kg1 {[%clk 0:02:03]} Be2
{[%clk 0:01:26]} 62. Ra2 {[%clk 0:01:52]} Bc4 {[%clk 0:01:35]} 63. Ra3
{[%clk 0:02:03]} Bb5 {[%clk 0:01:33]} 64. Bd3 {[%clk 0:01:44]} Bc6
{[%clk 0:01:12]} 65. Kf1 {[%clk 0:01:38]} Bd5 {[%clk 0:01:36]} 66. Ra5
{[%clk 0:01:47]} Bb7 {[%clk 0:01:39]} 67. Bc4 {[%clk 0:02:07]} Kf4
{[%clk 0:01:01]} 68. Bd5 {[%clk 0:01:05]} Bxd5 {[%clk 0:01:18]} 69. Rxd5
{[%clk 0:01:34]} Ke4 {[%clk 0:01:16]} 70. Rd8 {[%clk 0:01:22]} g5
{[%clk 0:01:15]} 71. Rg8 {[%clk 0:01:04]} Bf4 {[%clk 0:01:10]} 72. Ke2
{[%clk 0:01:23]} Bc1 {[%clk 0:01:26]} 73. Rc8 {[%clk 0:01:19]} Bb2
{[%clk 0:01:34]} 74. Rc4+ {[%clk 0:01:41]} Bd4 {[%clk 0:01:13]} 75. Rb4
{[%clk 0:01:16]} g4 {[%clk 0:01:07]} 76. Rc4 {[%clk 0:01:00]} gxh3
{[%clk 0:01:20]} 77. gxh3 {[%clk 0:01:28]} f4 {[%clk 0:01:43]} 78. Kd2
{[%clk 0:01:20]} f3 {[%clk 0:01:35]} 79. Ra4 {[%clk 0:01:33]} Ke5
{[%clk 0:00:39]} 80. Kd3 {[%clk 0:01:48]} Bf2 {[%clk 0:00:46]} 81. Ra8
{[%clk 0:00:44]} Bg3 {[%clk 0:00:47]} 82. Re8+ {[%clk 0:00:54]} Kd5
{[%clk 0:01:01]} 83. Rf8 {[%clk 0:00:59]} f2 {[%clk 0:01:26]} 84. Rf5+
{[%clk 0:01:20]} Ke6 {[%clk 0:01:45]} 85. Ke4 {[%clk 0:01:46]} Kd6
{[%clk 0:02:00]} 86. Kd4 {[%clk 0:01:45]} Ke6 {[%clk 0:02:25]} 87. Rf3
{[%clk 0:01:43]} Kd6 {[%clk 0:02:28]} 88. Rf6+ {[%clk 0:01:02]} Ke7
{[%clk 0:02:53]} 89. Rf5 {[%clk 0:01:19]} Kd6 {[%clk 0:02:50]} 90. Rf3
{[%clk 0:01:23]} Ke6 {[%clk 0:03:11]} 91. Ke4 {[%clk 0:01:34]} Kd6
{[%clk 0:03:24]} 92. Kf5 {[%clk 0:01:24]} Kd5 {[%clk 0:02:47]} 93. Rd3+
{[%clk 0:01:35]} Kc4 {[%clk 0:03:07]} 94. Rd1 {[%clk 0:02:02]} Kc5
{[%clk 0:03:21]} 95. Ke4 {[%clk 0:02:22]} Kc6 {[%clk 0:03:32]} 96. Kf3
{[%clk 0:01:12]} Kc5 {[%clk 0:03:47]} 97. Ke2 {[%clk 0:01:13]} Kc4
{[%clk 0:03:57]} 98. Ke3 {[%clk 0:01:14]} Kc5 {[%clk 0:04:22]} 99. Ke4
{[%clk 0:01:42]} Kc6 {[%clk 0:04:42]} 100. Rc1+ {[%clk 0:01:37]} Kd6
{[%clk 0:04:47]} 101. Ra1 {[%clk 0:01:34]} Kc5 {[%clk 0:04:50]} 102. Ra5+
{[%clk 0:01:48]} Kd6 {[%clk 0:05:10]} 103. Rd5+ {[%clk 0:01:58]} Ke6
{[%clk 0:05:31]} 104. Rd1 {[%clk 0:01:48]} Kf6 {[%clk 0:05:38]} 105. Ke3
{[%clk 0:01:38]} Ke5 {[%clk 0:05:56]} 106. Kf3 {[%clk 0:01:55]} Ke6
{[%clk 0:06:14]} 107. Ke2 {[%clk 0:01:15]} Ke5 {[%clk 0:06:32]} 108. Rd8
{[%clk 0:01:29]} Ke4 {[%clk 0:06:50]} 109. Rf8 {[%clk 0:01:25]} Kd4
{[%clk 0:06:31]} 110. Re8 {[%clk 0:01:51]} Kd5 {[%clk 0:06:53]} 111. Rf8
{[%clk 0:01:39]} Ke4 {[%clk 0:07:14]} 112. Rf7 {[%clk 0:02:06]} Kd4
{[%clk 0:07:17]} 113. Rf5 {[%clk 0:01:51]} Ke4 {[%clk 0:07:34]} 114. Rf3
{[%clk 0:02:16]} Kd4 {[%clk 0:07:48]} 115. Rd3+ {[%clk 0:01:37]} Ke4
{[%clk 0:08:09]} 116. Rd1 {[%clk 0:02:05]} Kf4 {[%clk 0:08:12]} 117. Ra1
{[%clk 0:02:15]} Ke4 {[%clk 0:08:24]} 118. Ra3 {[%clk 0:02:34]} Kf4
{[%clk 0:08:31]} 119. Rf3+ {[%clk 0:02:56]} Ke4 {[%clk 0:08:42]} 120. Rf8
{[%clk 0:03:10]} Kd4 {[%clk 0:08:43]} 1/2-1/2

[Event "Ch_SFO"]
[Site "?"]
[Date "2018.03.18"]
[Round "6.15"]
[White "Grachev, Alexey"]
[Black "Kardashevskiy, Evgeny"]
[Result "1-0"]
[BlackElo "2411"]
[WhiteElo "2088"]
[LiveChessVersion "1.4.8"]

1. e4 {[%clk 1:30:56]} c5 {[%clk 1:30:51]} 2. Nf3 {[%clk 1:31:14]} d6
{[%clk 1:31:10]} 3. d4 {[%clk 1:31:34]} cxd4 {[%clk 1:31:33]} 4. Nxd4
{[%clk 1:32:01]} Nf6 {[%clk 1:31:56]} 5. Nc3 {[%clk 1:32:27]} a6 {[%clk 1:32:22]}
6. h3 {[%clk 1:32:15]} e5 {[%clk 1:30:15]} 7. Nde2 {[%clk 1:32:32]} h5
{[%clk 1:30:29]} 8. Bg5 {[%clk 1:32:53]} Be6 {[%clk 1:30:21]} 9. Bxf6
{[%clk 1:33:14]} Qxf6 {[%clk 1:30:47]} 10. Nd5 {[%clk 1:33:38]} Qd8
{[%clk 1:31:06]} 11. Qd3 {[%clk 1:33:20]} Nd7 {[%clk 1:31:11]} 12. Nec3
{[%clk 1:33:37]} Rc8 {[%clk 1:30:32]} 13. O-O-O {[%clk 1:33:45]} g6
{[%clk 1:29:49]} 14. Kb1 {[%clk 1:32:41]} Nc5 {[%clk 1:27:19]} 15. Qf3
{[%clk 1:32:31]} Bg7 {[%clk 1:27:03]} 16. Bd3 {[%clk 1:29:33]} b5
{[%clk 1:24:45]} 17. a3 {[%clk 1:29:22]} Bd7 {[%clk 1:22:56]} 18. g3
{[%clk 1:22:09]} Ne6 {[%clk 1:18:37]} 19. Qe3 {[%clk 1:16:41]} Bc6
{[%clk 1:14:48]} 20. f4 {[%clk 1:10:24]} Nd4 {[%clk 1:11:00]} 21. Rhf1
{[%clk 0:52:58]} h4 {[%clk 1:03:36]} 22. f5 {[%clk 0:44:31]} Bh6 {[%clk 0:59:45]}
23. Qe1 {[%clk 0:43:43]} gxf5 {[%clk 0:58:57]} 24. exf5 {[%clk 0:43:58]} hxg3
{[%clk 0:57:21]} 25. Qxg3 {[%clk 0:42:41]} Bxd5 {[%clk 0:42:25]} 26. Nxd5
{[%clk 0:42:58]} Rc5 {[%clk 0:42:33]} 27. Be4 {[%clk 0:39:37]} Kf8
{[%clk 0:39:30]} 28. f6 {[%clk 0:37:54]} Ne6 {[%clk 0:34:46]} 29. Qh4
{[%clk 0:36:25]} Ke8 {[%clk 0:31:48]} 30. Ne7 {[%clk 0:34:30]} Qc7
{[%clk 0:17:24]} 31. Nf5 {[%clk 0:32:15]} d5 {[%clk 0:16:53]} 32. Bxd5
{[%clk 0:24:55]} Nf4 {[%clk 0:10:27]} 33. Bxf7+ {[%clk 0:24:34]} Kxf7
{[%clk 0:10:42]} 34. Nxh6+ {[%clk 0:25:00]} Ke6 {[%clk 0:10:00]} 35. Qg4+
{[%clk 0:25:21]} Kxf6 {[%clk 0:09:54]} 36. Qf5+ {[%clk 0:25:47]} Kg7
{[%clk 0:10:17]} 37. Rg1+ {[%clk 0:26:10]} Kxh6 {[%clk 0:10:38]} 38. Rd6+
{[%clk 0:26:29]} Qxd6 {[%clk 0:10:56]} 39. Qg5+ {[%clk 0:26:56]} Kh7
{[%clk 0:11:20]} 40. Qg7# {[%clk 0:27:22]} 1-0